Wakko's America Lyrics Quiz With a Map - Statistics

General Stats
  • This quiz has been taken 115 times
  • The average score is 68 of 100
Answers on the Map
Answers color-coded by a green-red scale on the quiz's map according to % correct below.
 
Answer Stats
State / Capital % Correct
is the capital of {Ohio}
94%
Alabama
87%
and {Columbus}
87%
Baton Rouge
87%
Indiana
87%
Indianapolis
87%
there's {Montgomery}
87%
Louisiana
85%
Montana
83%
south of {Helena}
83%
Boston
81%
Tennessee
81%
and {Nashville}
79%
Idaho
79%
New York
79%
To {Massachusetts}'s
79%
under {Boise}
79%
and {Albany}
77%
has {Austin}
77%
{Hawaii}'s a joy
77%
in your old {Kentucky} home
77%
New Mexico
77%
Texas
77%
Vermont
77%
Alaska
74%
and you can live in {Frankfort}
74%
Here's {Honolulu}
74%
{Minnesota} has
74%
Santa Fe
74%
to {Montpelier}, which is up in
74%
Colorado
72%
Saint Paul
72%
{Salt Lake City} out in
72%
then there's {Denver}
72%
Utah
72%
Delaware
70%
Illinois
70%
in {Maryland}
70%
in {Nebraska}
70%
{Juneau}'s in
70%
and {Nevada}
68%
and {Springfield}
68%
and there's {Lincoln}
68%
California
68%
{Connecticut}, so pretty in the fall
68%
Florida
68%
{Hartford}'s in
68%
in {Virginia}
68%
Missouri
68%
{New Hampshire}, just a quick jaunt
68%
next to {Dover}
68%
Sacramento
68%
Concord
66%
north of {Jefferson}
66%
Oregon
66%
{Salem} in
66%
Tallahassee
66%
up in {North Carolina} and then
66%
and {Annapolis}
64%
and here is {Providence}
64%
its {City}
64%
{Oklahoma} and
64%
Rhode Island
64%
You've got {Richmond}
64%
and {Augusta}'s up in
62%
and it's {Raleigh}
62%
Arkansas
62%
Carson City
62%
{Cheyenne} is in
62%
{Little Rock} in
62%
Maine
62%
New Jersey
62%
Pennsylvania
62%
Pierre
62%
{South Dakota} has
62%
Topeka
62%
Wyoming
62%
{Atlanta}'s down in
60%
Georgia
60%
{Harrisburg}'s in
60%
{Trenton}'s in
60%
and {Olympia}
57%
Arizona
57%
Des Moines
57%
in {Washington}
57%
{Iowa}'s got
57%
Mississippi
57%
South Carolina
57%
with {Columbia} down the way
57%
and {Kansas} has
55%
and {Lansing}
55%
and there's {Bismarck}
55%
Jackson
55%
Michigan
55%
North Dakota
55%
Phoenix
55%
there's {Madison}
53%
Wisconsin
53%
Charleston
51%
West Virginia
51%
No matching quizzes found
Score Distribution
Percent of People with Each Score
Percentile by Number Answered
Your Score History
You have not taken this quiz